000 00314nam a2200121Ia 4500
008 190216s9999||||xx |||||||||||||| ||und||
100 _aAcharya Paramanand Prabhakar
245 0 _aHindi-Samskrith Sikshana Ki Adhunik Vidhiyam
260 _bLok Siksha Manch
_c2011
300 _a127
650 _aHindi
942 _cBK
999 _c16754
_d16754